Nomeie um personagem de Naruto válido#1 - Statistics

Estatísticas Gerais
  • Esse quiz foi jogado 2 531 vezes
  • A pontuação média é 13 de 15
Estatísticas das Respostas
Qual personagem... Personagem % Correto
que fica tímido ou desmaia quando o Naruto conversa cara a cara? Hinata Hyuga
98%
que foi aluna da Tsunade e tem uma grande força? Sakura Haruno
97%
que tem um apelido criado pelo Naruto que é Sábio Tarado? Jiraiya
96%
que foi o Sexto Hokage? Kakashi Hatake
96%
que tem selado em seu corpo o Shukaku? Gaara
94%
que é um membro da Akatsuki que quase matou todos o membros de seu clã? Itachi Uchiha
94%
que desapareceu por 2 anos e meio e só reapareceu em Naruto Shippuden? Sasuke Uchiha
94%
que tem o jutsu Possesão das Sombras? Shikamaru Nara
94%
que concorda em tudo o que o Guy diz? Rock Lee
93%
que é o principal vilão na primeira série do Naruto? Orochimaru
88%
que tem sempre o Akamaru o acompanhando? Kiba Inuzuka
87%
que é neto do Terceiro Hokage? Konohamaru
82%
que é membro da equipe ANBU do Danzo e foi membro da Equipe Kakashi? Sai
68%
que é a principal auxiliar da Tsunade? Shizune
63%
que foi organizador da primeira etapa da prova Chunin? Ibiki Morino
39%
Nenhum quiz correspondente encontrado
Distribuição das Pontuações
Porcentagem de Pessoas com Cada Pontuação
Percentil de Números Respondidos
Sua Pontuação Histórica
Você não jogou esse quiz